000 00964nam a2200253 i 4500
001 3623601
005 19750506000000.0
008 750428s1975 nyua b 001 0 eng
010 _a 74016660
040 _aDLC
_cDLC
_dDLC
050 0 0 _aBF121
_b.L39 1975
100 1 _aLawson, Robert B.
245 1 0 _aPrinciples and methods of psychology /
_cRobert B. Lawson, Steven G. Goldstein, Richard E. Musty.
260 _aNew York :
_bOxford University Press,
_c1975.
300 _axvi, 528 p. :
_bill. ;
_c24 cm.
500 _aAnaglyphoscope inserted in pocket attached to back cover.
504 _aIncludes bibliographies and indexes.
650 0 _aPsychology.
700 1 _aGoldstein, Steven G.,
_ejoint author.
700 1 _aMusty, Richard E.,
_ejoint author.
906 _a7
_bcbc
_corignew
_d2
_eocip
_f19
_gy-gencatlg
942 _2lcc
_cBK
999 _c35710
_d35710